000 00526nam a2200181 i 4500
001 30530
003 ES-MaACL
005 20230906154217.0
007 t|
008 030124s1969 sp ||||1| cat d
100 1 _aBarthes, Roland.
_926125
245 1 0 _aCrítica i veritat /
_cRoland Barthes ; [versió de Jaume Vidal Alcover].
250 _a1ª ed.
260 _aBarcelona :
_bLlibres de Sinera,
_c[1969]
300 _a90 p. ;
_c20 cm.
700 1 _aVidal Alcover, Jaume.
_9114465
852 _aES-MaACL
_jC-51690
_bR.69446
999 _c30530
_d30530